000 01002cam a2200289 a 4500
001 12590357
003 SISC
005 20160222150334.0
008 011115s2002 caua b 001 0 eng
010 _a 2001280060
020 _a9789812448767
040 _aDLC
_cDLC
_dDLC
050 0 0 _aQC 23.2
_b.H611 2002
100 1 _aHewitt, Paul G.
245 1 0 _aConceptual Physics :
_cwritten and illustrated by Paul G. Hewitt.
_bThe High School Physics Program /
250 _aninth edition
260 _aSan Francisco :
_bAddison Wesley,
_cc2002.
300 _a790 p. :
_bill. (some col.) ;
_c27 cm.
500 _aCopyright date taken from label on t.p. verso.
504 _aIncludes bibliographical references and index.
562 _efor circulation. 1 copy available in the collection
650 0 _aPhysics.
906 _a7
_bcbc
_corigcop
_d2
_encip
_f20
_gy-gencatlg
942 _2lcc
_cBK
999 _c115768
_d115768